000 00478nmm a2200169Ia 4500
008 251105s9999||||xx |||||||||||||||||und||
020 _a9788446028512
041 _aspa
100 _aPérez Ochando, Luis
245 0 _aGeorge A. Romero : cuando no quede sitio en el Infierno
264 _a[Madrid, España] :
_bAkal,
_c2013
300 _a185 páginas
490 _aCine
650 _aFilm studies
856 _uhttps://public.digitaliapublishing.com/a/27882
942 _cCF
999 _c82854
_d82854